000
00276nam a2200121Ia 4500
008
201231s9999 xx 000 0 und d
100
_a
Petersen, H. C.
245
0
_a
Managerial Economics
250
_a
3rd.
260
_a
New Delhi
_b
Prentice Hall
300
_a
664
942
_c
BK
999
_c
9216
_d
9216